书目信息 |
| 题名: |
越南民族历史上的几次战略决战
|
|
| 作者: | 潘辉黎 著 ;戴可来 , 昌瑞颐 译 | |
| 分册: | ||
| 出版信息: | 北京 世界知识出版社 1980 |
|
| 页数: | 300页 | |
| 开本: | 21cm | |
| 丛书名: | ||
| 单 册: | ||
| 中图分类: | K333.3.05 , K333 | |
| 科图分类: | ||
| 主题词: | 历史事件--越南 | |
| 电子资源: | ||
| ISBN: | ||
| 000 | 00743nam0 2200253 450 | |
| 001 | 1555538514 | |
| 005 | 20150128080100.28 | |
| 010 | @dCNY0.96 | |
| 091 | @a11003.503 | |
| 100 | @a19950601d1980 em y0chiy0110 ea | |
| 101 | 1 | @achi@cvie |
| 102 | @aCN@b110000 | |
| 105 | @ay z 000yy | |
| 200 | 1 | @a越南民族历史上的几次战略决战@Ayue nan min zu li shi shang de ji ci zhan lue jue zhan@f(越)潘辉黎等著@g戴可来译@g昌瑞颐校 |
| 210 | @a北京@c世界知识出版社@d1980 | |
| 215 | @a300页@d21cm | |
| 606 | 0 | @a历史事件@y越南 |
| 690 | @aK333.3.05@v3 | |
| 690 | @aK333@v4 | |
| 701 | 0 | @a潘辉黎@Apan hui li@4著 |
| 702 | 0 | @a戴可来@Adai ke lai@4译 |
| 702 | 0 | @a昌瑞颐@Achang rui yi@4校 |
| 801 | 0 | @aCN@bTSSF@c20150128 |
| 905 | @aZUCC@dK333@eJY10 | |
| 越南民族历史上的几次战略决战/(越)潘辉黎等著/戴可来译/昌瑞颐校.-北京:世界知识出版社,1980 |
| 300页;21cm |
| ISBN :CNY0.96 |
| ● |
| 相关链接 |
|
|
|
|
正题名:越南民族历史上的几次战略决战
索取号:K333/JY10
 
预约/预借
| 序号 | 登录号 | 条形码 | 馆藏地/架位号 | 状态 | 备注 |
| 1 | 7856249 | 278562495 | 学院路分馆/ [索取号:K333/JY10] | 在馆 |